<?xml version="1.0" encoding="UTF-8"?>
<marc:record xmlns:marc="http://www.loc.gov/MARC21/slim">
   <marc:leader>00000nam a2200000 a 4500</marc:leader>
   <marc:datafield ind1="1" ind2=" " tag="100">
      <marc:subfield code="a">Heike, Judith</marc:subfield>
      <marc:subfield code="4">aut</marc:subfield>
      <marc:subfield code="e">Verfasser/-in</marc:subfield>
   </marc:datafield>
   <marc:datafield ind1=" " ind2=" " tag="653">
      <marc:subfield code="a">LÜK-Rechtschreibwerkstatt</marc:subfield>
   </marc:datafield>
   <marc:datafield ind1=" " ind2=" " tag="653">
      <marc:subfield code="a">Komma</marc:subfield>
   </marc:datafield>
   <marc:datafield ind1=" " ind2=" " tag="653">
      <marc:subfield code="a">Satzschlusszeichen</marc:subfield>
   </marc:datafield>
   <marc:datafield ind1=" " ind2=" " tag="653">
      <marc:subfield code="a">wörtliche Rede</marc:subfield>
   </marc:datafield>
   <marc:datafield ind1="0" ind2="0" tag="245">
      <marc:subfield code="a">Zeichensetzung LÜK</marc:subfield>
   </marc:datafield>
   <marc:datafield ind1="0" ind2="0" tag="245">
      <marc:subfield code="b">Rechtschreibkompetenz Sekundarstufe 1</marc:subfield>
   </marc:datafield>
   <marc:datafield ind1="0" ind2="0" tag="245">
      <marc:subfield code="c">Heike, Judith</marc:subfield>
   </marc:datafield>
   <marc:datafield ind1=" " ind2="1" tag="264">
      <marc:subfield code="a">Braunschweig</marc:subfield>
      <marc:subfield code="b">Westermann</marc:subfield>
      <marc:subfield code="c">2014</marc:subfield>
   </marc:datafield>
   <marc:datafield ind1="1" ind2=" " tag="490">
      <marc:subfield code="a">LÜK</marc:subfield>
   </marc:datafield>
   <marc:datafield ind1="1" ind2=" " tag="520">
      <marc:subfield code="a">Angaben aus der Verlagsmeldung &#xD;
&#xD;
 &#xD;
&#xD;
  LÜK : Deutsch LÜK : Deutsch / Komma- und Zeichensetzung: Die wichtigsten Regeln der Kommasetzung ab Klasse 5 / von Heiko Judith &#xD;
&#xD;
 &#xD;
Rechtschreibkompetenz Sekundarstufe I&#xD;
&#xD;
&#xD;
Schrittweise werden die wichtigsten Regeln der Zeichensetzung anhand motivierender Übungen erarbeitet und durch Zwischentests überprüft:&#xD;
&#xD;
&#xD;
&#xD;
&#xD;
* Satzschlusszeichen (. ? !)&#xD;
&#xD;
* Das Komma bei Aufzählungen&#xD;
&#xD;
* Das Komma zwischen Hauptsätzen (Satzreihen)&#xD;
&#xD;
* Das Komma zwischen Haupt- und Nebensatz (Satzgefüge)&#xD;
&#xD;
* Das Komma bei Satzgefügen mit mehreren Nebensätzen&#xD;
&#xD;
* Das Komma bei Infinitivgruppen&#xD;
&#xD;
* Das Komma bei Nachgestellten Einschüben&#xD;
&#xD;
* Die Zeichensetzung bei wörtlicher Rede&#xD;
&#xD;
&#xD;
&#xD;
Die Übungen legen das Nachschlagen der INFOS (= Regeln) auf einer aufklappbaren Seite nahe und sichern damit das Einprägen der Regeln durch Anwenden.&#xD;
&#xD;
&#xD;
Zur Bearbeitung dieses Übungsheftes benötigen Sie das " LÜK-Kontrollgerät.</marc:subfield>
   </marc:datafield>
   <marc:datafield ind1=" " ind2=" " tag="020">
      <marc:subfield code="a">9783837708868</marc:subfield>
      <marc:subfield code="9">9783837708868</marc:subfield>
   </marc:datafield>
   <marc:datafield ind1=" " ind2=" " tag="020">
      <marc:subfield code="a">3837708861</marc:subfield>
      <marc:subfield code="9">3837708861</marc:subfield>
   </marc:datafield>
   <marc:datafield ind1=" " ind2=" " tag="041">
      <marc:subfield code="a">ger</marc:subfield>
   </marc:datafield>
   <marc:datafield ind1=" " ind2=" " tag="300">
      <marc:subfield code="b">Ill.</marc:subfield>
   </marc:datafield>
   <marc:datafield ind1=" " ind2=" " tag="338">
      <marc:subfield code="a">Band</marc:subfield>
   </marc:datafield>
   <marc:datafield ind1=" " ind2=" " tag="300">
      <marc:subfield code="a">32 S.</marc:subfield>
   </marc:datafield>
</marc:record>
